Medagliere Slittino ai Giochi Olimpici - Statistics

Statistiche generali
  • Questo quiz è stato fatto 12 volte
  • Il punteggio medio è 11 su 12
Statistiche sulle risposte
Medaglie complessive Medaglie d'Oro Medaglie d'Argento Medaglie di Bronzo Rappresentativa olimpica % Corretto
25 6 10 9 Austria
100%
1 0 0 1 Comitato Olimpico Russo
100%
18 7 4 7 Italia
100%
3 0 3 0 Russia
100%
6 0 3 3 Stati Uniti
100%
2 0 1 1 Canada
91%
43 22 12 9 Germania
91%
5 2 2 1 Squadra Unificata Tedesca
91%
6 1 2 3 Unione Sovietica
82%
29 13 8 8 Germania Est
73%
10 1 4 5 Germania Ovest
73%
5 0 1 4 Lettonia
55%
Nessun quiz corrispondente trovato
Distribuzione punteggi
Percentuale di utenti per punteggio
Percentile per numero di risposta
I tuoi punteggi nel tempo
Non hai fatto questo quiz